| 000 | 00347 a2200109 4500 | ||
|---|---|---|---|
| 001 | ART_41588 | ||
| 005 | 20260410161754.0 | ||
| 008 | 260409a | ||
| 245 | 1 | 0 | _aEl tratamiento de la distribución de utilidades en efectivo o en especie |
| 100 | 1 | _aVolman, Mario | |
| 773 | 0 |
_tDoctrina tributaria _g- Nº 379 (oct. 2011) _wREV4296 |
|
| 999 |
_c19978 _d19978 |
||